kku e-library facility

Software Engineering: A Pragmatic and Technical Perspectives (Record no. 124)

MARC details
000 -LEADER
fixed length control field 00475nam a22001577a 4500
003 - CONTROL NUMBER IDENTIFIER
control field OSt
005 - DATE AND TIME OF LATEST TRANSACTION
control field 20260116101358.0
008 - FIXED-LENGTH DATA ELEMENTS--GENERAL INFORMATION
fixed length control field 260116b |||||||| |||| 00| 0 eng d
020 ## - INTERNATIONAL STANDARD BOOK NUMBER
International Standard Book Number 9782747028
100 ## - MAIN ENTRY--PERSONAL NAME
Personal name Osuagwu E Oliver
245 ## - TITLE STATEMENT
Title Software Engineering: A Pragmatic and Technical Perspectives
Statement of responsibility, etc. /Oliver E Osuagwu
250 ## - EDITION STATEMENT
Edition statement 2nd ed
260 ## - PUBLICATION, DISTRIBUTION, ETC.
Place of publication, distribution, etc. Imo State, Nigeria;
Name of publisher, distributor, etc. Olliverson Industrial Publishing House;
Date of publication, distribution, etc. 2008.
300 ## - PHYSICAL DESCRIPTION
Extent vii; 585p.;
Dimensions 24.5cm
942 ## - ADDED ENTRY ELEMENTS (KOHA)
Source of classification or shelving scheme Library of Congress Classification
Suppress in OPAC No
Koha item type Books

No items available.

©2025 All rights reserved. KKU